Statistics for World Capitals By Letter - C

Click here to take the quiz!

General Stats

  • This quiz has been taken 64,199 times
    (62,868 since last reset)
  • The average score is 5 of 8

Answer Stats

CountryCapital City% Correct
VenezuelaCaracas
84%
EgyptCairo
81%
AustraliaCanberra
81%
DenmarkCopenhagen
75%
MoldovaChisinau
61%
South AfricaCape Town
60%
St. LuciaCastries
45%
GuineaConakry
41%

Score Distribution

Percentile by Number Answered

Percent of People with Each Score

Your Score History

You have not taken this quiz since the last reset